Hazardous and industrial wastes : (Record no. 535236)

000 -LEADER
fixed length control field 02043cas a2200457 a 4500
001 - CONTROL NUMBER
control field 12670960
003 - CONTROL NUMBER IDENTIFIER
control field NUST
005 - DATE AND TIME OF LATEST TRANSACTION
control field 20200901103513.0
008 - FIXED-LENGTH DATA ELEMENTS--GENERAL INFORMATION
fixed length control field 020207c19969999pauar 1 0eng c
010 ## - LIBRARY OF CONGRESS CONTROL NUMBER
LC control number sn 97044243
020 ## - INTERNATIONAL STANDARD BOOK NUMBER
International Standard Book Number 1-56676-479-3
022 ## - INTERNATIONAL STANDARD SERIAL NUMBER
Incorrect ISSN 1044-0631
035 ## - SYSTEM CONTROL NUMBER
System control number (OCoLC)ocm36951646
038 ## - RECORD CONTENT LICENSOR
Staff Name MSOHAIL
040 ## - CATALOGING SOURCE
Original cataloging agency NN
Language of cataloging eng
Transcribing agency NN
Modifying agency WaU
-- OCoLC
-- N
-- DLC
-- OCoLC
-- OCLCF
-- OCLCO
-- OCoLC
042 ## - AUTHENTICATION CODE
Authentication code pcc
043 ## - GEOGRAPHIC AREA CODE
Geographic area code n-usl--
050 00 - LIBRARY OF CONGRESS CALL NUMBER
Classification number TD811.5
Item number .M53a
082 ## - DEWEY DECIMAL CLASSIFICATION NUMBER
Classification number 363.728
Author Mark WEB
100 ## - MAIN ENTRY--PERSONAL NAME
Personal name A. Scott Weber
9 (RLIN) 29687
111 2# - MAIN ENTRY--MEETING NAME
Meeting name or jurisdiction name as entry element Mid-Atlantic Industrial and Hazardous Waste Conference.
9 (RLIN) 29688
245 10 - TITLE STATEMENT
Title Hazardous and industrial wastes :
Remainder of title proceedings of the ... Mid-Atlantic Industrial and Hazardous Waste.
260 ## - PUBLICATION, DISTRIBUTION, ETC.
Place of publication, distribution, etc. Lancaster, Pa. :
Name of publisher, distributor, etc. Technomic Pub. Co.,
Date of publication, distribution, etc. 1996-
300 ## - PHYSICAL DESCRIPTION
Extent v. :838;p
Other physical details ill. ;
Dimensions 23 cm.
310 ## - CURRENT PUBLICATION FREQUENCY
Current publication frequency Annual
362 0# - DATES OF PUBLICATION AND/OR SEQUENTIAL DESIGNATION
Dates of publication and/or sequential designation 28th (1996)-
588 ## - SOURCE OF DESCRIPTION NOTE
Source of description note Latest issue consulted: 33rd (2001).
650 #0 - SUBJECT ADDED ENTRY--TOPICAL TERM
Topical term or geographic name entry element Hazardous wastes
Geographic subdivision Middle Atlantic States
General subdivision Management
Form subdivision Congresses.
9 (RLIN) 29689
650 #0 - SUBJECT ADDED ENTRY--TOPICAL TERM
Topical term or geographic name entry element Factory and trade waste
Geographic subdivision Middle Atlantic States
General subdivision Management
Form subdivision Periodicals.
9 (RLIN) 29690
650 #7 - SUBJECT ADDED ENTRY--TOPICAL TERM
Topical term or geographic name entry element Factory and trade waste
General subdivision Management.
Source of heading or term fast
Authority record control number or standard number (OCoLC)fst00919753
9 (RLIN) 20819
650 #7 - SUBJECT ADDED ENTRY--TOPICAL TERM
Topical term or geographic name entry element Hazardous wastes
General subdivision Management.
Source of heading or term fast
Authority record control number or standard number (OCoLC)fst00952497
9 (RLIN) 6365
651 #7 - SUBJECT ADDED ENTRY--GEOGRAPHIC NAME
Geographic name Middle Atlantic States.
Source of heading or term fast
Authority record control number or standard number (OCoLC)fst01240044
9 (RLIN) 29691
655 #7 - INDEX TERM--GENRE/FORM
Genre/form data or focus term Conference papers and proceedings.
Source of term fast
Authority record control number (OCoLC)fst01423772
9 (RLIN) 5916
655 #7 - INDEX TERM--GENRE/FORM
Genre/form data or focus term Periodicals.
Source of term fast
Authority record control number (OCoLC)fst01411641
9 (RLIN) 29692
776 08 - ADDITIONAL PHYSICAL FORM ENTRY
Relationship information Online version:
Main entry heading Mid-Atlantic Industrial and Hazardous Waste Conference.
Title Hazardous and industrial wastes
Record control number (OCoLC)692246537
780 00 - PRECEDING ENTRY
Main entry heading Mid-Atlantic Industrial Waste Conference.
Title Hazardous and industrial waste
International Standard Serial Number 1044-0631
Record control number (DLC) 91641686
-- (OCoLC)19677150
906 ## - LOCAL DATA ELEMENT F, LDF (RLIN)
a 7
b cbc
c serials
d u
e ncip
f 20
g n-oclcserc
942 ## - ADDED ENTRY ELEMENTS (KOHA)
Source of classification or shelving scheme
Koha item type Book
Holdings
Withdrawn status Lost status Source of classification or shelving scheme Damaged status Not for loan Permanent Location Current Location Date acquired Total Checkouts Full call number Barcode Date last seen Price effective from Koha item type
          School of Civil and Environmental Engineering (SCEE) School of Civil and Environmental Engineering (SCEE) 09/01/2020   363.728 WEB NIT-13157 09/01/2020 09/01/2020 Book
© 2023 Central Library, National University of Sciences and Technology. All Rights Reserved.